[Event "FRA-ch U18 Girls"]
[Site "Hyeres"]
[Date "2019.04.21"]
[Round "9"]
[White "Pucheu, Camille"]
[Black "Georget, Laureline"]
[Result "0-1"]
[WhiteElo "1695"]
[BlackElo "1642"]
[PlyCount "76"]
[EventDate "2019.04.14"]
[EventType "swiss"]
[EventRounds "9"]
[EventCountry "FRA"]
[SourceTitle "CBM 190 Extra"]
[Source "ChessBase"]
[SourceDate "2019.07.15"]
[SourceVersion "1"]
[SourceVersionDate "2019.07.15"]
[SourceQuality "1"]

1. e4 c5 2. Nf3 Nc6 3. d4 cxd4 4. Nxd4 d6 5. Nc3 g6 6. Be3 Bg7 7. Be2 Nf6 8. 0-0 0-0 9. Nb3 Be6 10. f4 Qc8 11. Nd4 Nxd4 12. Bxd4 Re8 13. Bb5 Bd7 14. Bxd7 Nxd7 15. Bxg7 Kxg7 16. Kh1 Nb6 17. Qd4+ Kg8 18. f5 f6 19. Qe3 Kg7 20. h4 Nc4 21. Qg3 Nxb2 22. Rf4 Rg8 23. Nd5 Kf7 24. Qb3 Nc4 25. Rd1 b5 26. Ne3 Qc5 27. Ng4 Kg7 28. Rd5 Qa3 29. Rxb5 Qc1+ 30. Kh2 Qxf4+ 31. g3 Qxg4 32. Qxc4 Rac8 33. Qd3 Rc7 34. c4 Rgc8 35. Rb4 gxf5 36. exf5 Rxc4 37. Rxc4 Rxc4 38. Qe3 Rc2+ 0-1